Govt. of
Madhya Pradesh

Websters Encyclopedic Unabridged Dictionary of the English Language (Record no. 40127)

MARC details
000 -LEADER
fixed length control field 004650000a22001690004500
003 - CONTROL NUMBER IDENTIFIER
control field MACL
005 - DATE AND TIME OF LATEST TRANSACTION
control field 20151226165030.0
008 - FIXED-LENGTH DATA ELEMENTS--GENERAL INFORMATION
fixed length control field 151226b xxu||||| |||| 00| 0 eng d
040 ## - CATALOGING SOURCE
Original cataloging agency MACL
Transcribing agency MACL
041 ## - LANGUAGE CODE
Language code of text/sound track or separate title English
082 ## - DEWEY DECIMAL CLASSIFICATION NUMBER
Classification number 403/GRA
100 ## - MAIN ENTRY--PERSONAL NAME
Personal name Gramercy Books
9 (RLIN) 23006
245 ## - TITLE STATEMENT
Title Websters Encyclopedic Unabridged Dictionary of the English Language
260 ## - PUBLICATION, DISTRIBUTION, ETC. (IMPRINT)
Name of publisher, distributor, etc. Gramercy Books
Date of publication, distribution, etc. 1996
Place of publication, distribution, etc. New York
650 ## - SUBJECT ADDED ENTRY--TOPICAL TERM
Topical term or geographic name as entry element Dictionary
9 (RLIN) 23007
942 ## - ADDED ENTRY ELEMENTS (KOHA)
Koha item type Books
Call number prefix 403/GRA
Source of classification or shelving scheme
Holdings
Withdrawn status Lost status Source of classification or shelving scheme Damaged status Not for loan Home library Current library Date acquired Total Checkouts Full call number Barcode Date last seen Uniform Resource Identifier Price effective from Koha item type
          MACL MACL 15/04/2015   403/GRA RBKS RB0003429 29/04/2015 40372 15/04/2015 Books